[Event "Saratov Regional-ch"]
[Site "Saratov"]
[Date "2015.12.12"]
[Round "7"]
[White "Iljushina, Olga"]
[Black "Baitzurov, Denis"]
[Result "0-1"]
[WhiteElo "2282"]
[BlackElo "2039"]
[PlyCount "76"]
[EventDate "2015.12.05"]
[EventType "swiss"]
[EventRounds "9"]
[EventCountry "RUS"]
[SourceTitle "EXT 2017"]
[Source "ChessBase"]
[SourceDate "2016.10.25"]
[SourceVersion "1"]
[SourceVersionDate "2016.10.25"]
[SourceQuality "1"]

1. Nf3 Nf6 2. g3 d5 3. Bg2 Bf5 4. d3 e6 5. 0-0 Be7 6. b3 0-0 7. Bb2 Nbd7 8. Nbd2 Bg6 9. Qe1 Bb4 10. a3 Bd6 11. e4 dxe4 12. dxe4 e5 13. Nh4 Re8 14. Nc4 Bc5 15. Rd1 Qb8 16. b4 Bf8 17. g4 b5 18. Na5 Bd6 19. h3 Nb6 20. Nf5 Nc4 21. Nxc4 bxc4 22. Qc3 Qb5 23. g5 Nh5 24. Rxd6 cxd6 25. Nxd6 Qc6 26. Nxe8 Rxe8 27. Re1 Nf4 28. Bf1 Bxe4 29. Bxc4 Nxh3+ 30. Qxh3 Qxc4 31. Qb3 Qc6 32. c4 h6 33. b5 Qb7 34. Qe3 Bf3 35. Bc1 hxg5 36. c5 e4 37. a4 Qc8 38. Qxg5 Qh3 0-1

[Event "Saratov Regional-ch"]
[Site "Saratov"]
[Date "2015.12.11"]
[Round "6"]
[White "Baitzurov, Denis"]
[Black "Kruzhilin, Aleksey"]
[Result "1/2-1/2"]
[WhiteElo "2039"]
[BlackElo "2108"]
[PlyCount "103"]
[EventDate "2015.12.05"]
[EventType "swiss"]
[EventRounds "9"]
[EventCountry "RUS"]
[SourceTitle "EXT 2017"]
[Source "ChessBase"]
[SourceDate "2016.10.25"]
[SourceVersion "1"]
[SourceVersionDate "2016.10.25"]
[SourceQuality "1"]

1. d4 Nf6 2. c4 e6 3. Nc3 Bb4 4. Qc2 c5 5. e3 cxd4 6. exd4 b6 7. Nf3 Bb7 8. Be2 0-0 9. Bg5 Be7 10. 0-0 d6 11. Rfd1 Nbd7 12. Bf4 a6 13. Ng5 h6 14. Nge4 Nxe4 15. Nxe4 Bxe4 16. Qxe4 d5 17. Qe3 Nf6 18. Qg3 Ne4 19. Qg4 f5 20. Qf3 Bh4 21. Bg3 Bxg3 22. hxg3 Rc8 23. Rac1 Qg5 24. Qf4 Qe7 25. cxd5 exd5 26. Bxa6 Rxc1 27. Rxc1 Qb4 28. Qe5 Qxb2 29. Qxd5+ Kh8 30. Rf1 Nf6 31. Qxf5 Qxd4 32. Bd3 Rd8 33. Bc2 Qc3 34. Bb1 Qd2 35. a4 Qe2 36. Bc2 Qc4 37. Re1 Qc3 38. Re6 Kg8 39. Rxb6 h5 40. Rb1 Rc8 41. Bb3+ Kh8 42. Bf7 Qc1+ 43. Rxc1 Rxc1+ 44. Kh2 Ng4+ 45. Qxg4 hxg4 46. f3 Ra1 47. Be8 Ra2 48. Kg1 Kg8 49. Bd7 Kf7 50. Bxg4 Rxa4 51. Kf2 Ra2+ 52. Kg1 1/2-1/2

[Event "Saratov Regional-ch"]
[Site "Saratov"]
[Date "2013.06.09"]
[Round "9"]
[White "Vdovin, Sergey Anatolievich"]
[Black "Baitzurov, Denis"]
[Result "0-1"]
[WhiteElo "1675"]
[BlackElo "2093"]
[PlyCount "112"]
[EventDate "2013.06.01"]
[EventType "swiss"]
[EventRounds "9"]
[EventCountry "RUS"]
[SourceTitle "EXT 2014"]
[Source "ChessBase"]
[SourceDate "2013.11.20"]
[SourceVersion "1"]
[SourceVersionDate "2013.11.20"]
[SourceQuality "1"]

1. e4 c6 2. c4 d5 3. exd5 cxd5 4. cxd5 Qxd5 5. d4 e5 6. Nf3 exd4 7. Qxd4 Qxd4 8. Nxd4 Bb4+ 9. Nc3 Nf6 10. Bb5+ Bd7 11. 0-0 0-0 12. Bg5 Bxc3 13. bxc3 Ne4 14. Bf4 Nxc3 15. Bd3 Nc6 16. Nb5 Nxb5 17. Bxb5 a6 18. Bc4 Rfe8 19. Bd5 Be6 20. Bf3 Nd4 21. a4 Nxf3+ 22. gxf3 b5 23. Kg2 bxa4 24. Rxa4 Bd7 25. Ra3 Bb5 26. Rb1 Rac8 27. Re3 h6 28. Bd6 Red8 29. Bb4 Rc6 30. h3 Rg6+ 31. Kh2 Re8 32. Rc1 Rxe3 33. fxe3 Be2 34. f4 Bf3 35. Rg1 Kh7 36. Rxg6 Kxg6 37. Kg3 Be4 38. Bc3 f6 39. Kh4 Kf5 40. Kg3 Bc2 41. h4 Ke4 42. Kf2 Kd3 43. Bd4 a5 44. Kg3 a4 45. Kg4 Ke4 46. Kg3 a3 47. Kg2 Kd3 48. Kg3 a2 49. Kg4 Ke4 50. Kg3 Bd1 51. Kf2 Kd3 52. Kg3 Bh5 53. Kf2 Bg4 54. Ke1 f5 55. Bxg7 h5 56. Bd4 Bf3 0-1

[Event "Saratov Regional-ch"]
[Site "Saratov"]
[Date "2013.06.06"]
[Round "7"]
[White "Smirnov, Alexandr A"]
[Black "Baitzurov, Denis"]
[Result "1/2-1/2"]
[WhiteElo "2155"]
[BlackElo "2093"]
[PlyCount "82"]
[EventDate "2013.06.01"]
[EventType "swiss"]
[EventRounds "9"]
[EventCountry "RUS"]
[SourceTitle "EXT 2014"]
[Source "ChessBase"]
[SourceDate "2013.11.20"]
[SourceVersion "1"]
[SourceVersionDate "2013.11.20"]
[SourceQuality "1"]

1. e4 c6 2. d4 d5 3. e5 Bf5 4. Nf3 e6 5. Be2 c5 6. 0-0 Nc6 7. Be3 cxd4 8. Nxd4 Nge7 9. f4 Nxd4 10. Qxd4 Nc6 11. Qa4 h6 12. c4 d4 13. Rd1 Bc5 14. b4 Bxb4 15. Bf3 Qb6 16. Bxd4 Bc5 17. Bxc5 Qxc5+ 18. Kh1 0-0 19. Nc3 Rfd8 20. Nb5 Nd4 21. Nxd4 Rxd4 22. Rxd4 Qxd4 23. Rd1 Qxf4 24. Bxb7 Rf8 25. Qxa7 Qxc4 26. Bf3 Be4 27. Qd4 Qxd4 28. Rxd4 Bxf3 29. gxf3 Ra8 30. a4 f6 31. exf6 gxf6 32. Kg2 e5 33. Rc4 Kf7 34. Kf2 Ke6 35. Ke3 Kd5 36. Kd3 f5 37. Rb4 Ra5 38. h4 h5 39. Kc3 Rc5+ 40. Kd3 Ra5 41. Rc4 Ra7 1/2-1/2

[Event "Saratov Regional-ch"]
[Site "Saratov"]
[Date "2013.06.02"]
[Round "3"]
[White "Kavyev, Ruslan"]
[Black "Baitzurov, Denis"]
[Result "1-0"]
[WhiteElo "1835"]
[BlackElo "2093"]
[PlyCount "95"]
[EventDate "2013.06.01"]
[EventType "swiss"]
[EventRounds "9"]
[EventCountry "RUS"]
[SourceTitle "EXT 2014"]
[Source "ChessBase"]
[SourceDate "2013.11.20"]
[SourceVersion "1"]
[SourceVersionDate "2013.11.20"]
[SourceQuality "1"]

1. e4 c6 2. d4 d5 3. Nd2 dxe4 4. Nxe4 Bf5 5. Ng3 Bg6 6. Nf3 Nd7 7. Bd3 Bxd3 8. Qxd3 Qc7 9. b3 e6 10. Bb2 Bb4+ 11. c3 Be7 12. 0-0 Ngf6 13. c4 0-0 14. Rac1 Rad8 15. Qe2 Rfe8 16. Rfd1 Bd6 17. Ne5 c5 18. Nxd7 Nxd7 19. dxc5 Bxg3 20. hxg3 Nxc5 21. Be5 Qe7 22. Rxd8 Rxd8 23. Rd1 f6 24. Bb2 e5 25. Ba3 b6 26. Rd2 Rxd2 27. Qxd2 Qd7 28. Qxd7 Nxd7 29. f3 Kf7 30. Kf2 Ke6 31. Ke3 f5 32. b4 h5 33. b5 g6 34. Bb4 g5 35. a4 g4 36. a5 Nb8 37. a6 Nd7 38. c5 Nf6 39. cxb6 Nd5+ 40. Kd2 Nxb6 41. Bc5 Nc8 42. Bxa7 gxf3 43. gxf3 f4 44. gxf4 Ne7 45. b6 h4 46. Ke2 Nc6 47. b7 h3 48. Kf2 1-0

[Event "Saratov Region-ch"]
[Site "Saratov"]
[Date "2011.06.04"]
[Round "4"]
[White "Baitzurov, Denis"]
[Black "Brekhov, Denis"]
[Result "1-0"]
[WhiteElo "2063"]
[BlackElo "2002"]
[PlyCount "43"]
[EventDate "2011.06.01"]
[EventType "swiss"]
[EventRounds "9"]
[EventCountry "RUS"]
[SourceTitle "EXT 2012"]
[Source "ChessBase"]
[SourceDate "2011.11.24"]
[SourceVersion "1"]
[SourceVersionDate "2011.11.24"]
[SourceQuality "1"]

1. d4 Nf6 2. c4 g6 3. Nc3 d5 4. cxd5 Nxd5 5. e4 Nxc3 6. bxc3 Bg7 7. Ba3 0-0 8. Bc4 b6 9. Nf3 Bb7 10. 0-0 c5 11. dxc5 Bxc3 12. Bxf7+ Kg7 13. Bb3 Nc6 14. Ng5 Qxd1 15. Raxd1 Rfc8 16. Rd7 Ba6 17. Rc1 Bf6 18. Ne6+ Kh8 19. f4 Nb8 20. Rc7 Re8 21. e5 Bg7 22. Bd5 1-0

[Event "Saratov op"]
[Site "Saratov"]
[Date "2010.06.06"]
[Round "6"]
[White "Bolychevsky, Alexander"]
[Black "Baitzurov, Denis"]
[Result "0-1"]
[WhiteElo "1816"]
[BlackElo "2123"]
[PlyCount "58"]
[EventDate "2010.06.01"]
[EventType "swiss"]
[EventRounds "9"]
[EventCountry "RUS"]
[SourceTitle "CBM 137 Extra"]
[Source "ChessBase"]
[SourceDate "2010.09.01"]
[SourceVersion "1"]
[SourceVersionDate "2010.09.01"]
[SourceQuality "1"]

1. e4 c6 2. d4 d5 3. e5 Bf5 4. Nd2 e6 5. Ngf3 c5 6. c3 Nc6 7. Be2 cxd4 8. cxd4 Bb4 9. a3 Ba5 10. b4 Bb6 11. Bb2 Nge7 12. 0-0 0-0 13. Nb3 f6 14. exf6 Rxf6 15. Nc5 Ng6 16. Nxb7 Qe7 17. Nc5 Nf4 18. Nh4 Rh6 19. Nf3 Bc7 20. g3 Bg4 21. Nd3 Nxe2+ 22. Qxe2 Rf8 23. Nde1 e5 24. dxe5 Qf7 25. Bc1 Nd4 26. Qd3 Nxf3+ 27. Nxf3 Bxf3 28. Bxh6 Qe6 29. Bf4 Rxf4 0-1

[Event "Saratov op"]
[Site "Saratov"]
[Date "2010.06.05"]
[Round "5"]
[White "Baitzurov, Denis"]
[Black "Vetryansky, Vladimir"]
[Result "0-1"]
[WhiteElo "2123"]
[BlackElo "2197"]
[PlyCount "62"]
[EventDate "2010.06.01"]
[EventType "swiss"]
[EventRounds "9"]
[EventCountry "RUS"]
[SourceTitle "CBM 137 Extra"]
[Source "ChessBase"]
[SourceDate "2010.09.01"]
[SourceVersion "1"]
[SourceVersionDate "2010.09.01"]
[SourceQuality "1"]

1. d4 Nf6 2. c4 g6 3. Nc3 Bg7 4. e4 d6 5. f3 c6 6. Be3 a6 7. Qd2 h5 8. Bd3 b5 9. Nge2 Nbd7 10. cxb5 axb5 11. d5 cxd5 12. Nxd5 Nxd5 13. exd5 Ba6 14. Bd4 Ne5 15. 0-0 0-0 16. Bxe5 dxe5 17. Be4 Kh7 18. d6 Qb6+ 19. Kh1 Rad8 20. d7 f5 21. Bc2 Rf6 22. Rad1 Rd6 23. Qg5 R8xd7 24. Rxd6 Qxd6 25. Bxf5 gxf5 26. Qxf5+ Kg8 27. Qxh5 b4 28. f4 Bxe2 29. Qxe2 exf4 30. Qc4+ e6 31. Rxf4 Qxf4 0-1